| 000 | 00890nas a2200265 4500 | ||
|---|---|---|---|
| 001 | BR0801893 | ||
| 003 | BR-BrBNA | ||
| 005 | 20231205111820.0 | ||
| 007 | ta | ||
| 008 | 230509b bl.|||p| |||| 00| 00por d | ||
| 040 |
_aBR-BrBNA _bpor _cBiblioteca Nacional de Agricultura |
||
| 041 | _a(Pt) | ||
| 072 | _aL60; L40; L50 | ||
| 100 | 1 | _aMesquita, E. de F.M. de | |
| 100 | 1 | _aAbreu, M.G. de | |
| 100 | 1 | _aLima, F.C. de | |
| 245 | 1 | _aAspectos gametogênicos e histoquímicos de Iphigenia brasiliana (Lamarck)(Bivalvia, Doracidae)da Lagoa de Itaipu, Niteroi, Rio de Janeiro | |
| 650 | _aMOLUSCO | ||
| 650 | _aTAXONOMIA ANIMAL | ||
| 650 | _aDISTRIBUIÇÃO GEOGRÁFICA | ||
| 650 | _aRIO DE JANEIRO | ||
| 773 | 0 |
_tRevista Brasileira de Zoologia (Brazil) _xISSN 0101-8175 _g(Jun 2001), v. 18(2) p. 523-528 _wBR0801893 |
|
| 909 |
_a202311 _bLúcia _c55 _dLúcia Elande |
||
| 942 |
_2AGRIS _n0 _cANA |
||
| 999 |
_c194614 _d194614 |
||